|
|
|
|
| LEADER |
00665nam a2200217Ia 4500 |
| 001 |
CTU_94163 |
| 008 |
210402s9999 xx 000 0 und d |
| 082 |
|
|
|a 339.4
|
| 082 |
|
|
|b M992
|
| 100 |
|
|
|a Mutoh, Hiromichi
|
| 245 |
|
0 |
|a Consumption Society of Japan in year 2000 :
|
| 245 |
|
0 |
|b Impacts of the Coming Technological Revolution
|
| 245 |
|
0 |
|c Hiromichi Mutoh
|
| 260 |
|
|
|a [Tokyo]
|
| 260 |
|
|
|b The Japan Economic Research Center
|
| 260 |
|
|
|c 1984
|
| 650 |
|
|
|a Consumers,Consumption (economics)
|
| 650 |
|
|
|x Congresses,Congresses
|
| 650 |
|
|
|z Great britain,Great britain
|
| 904 |
|
|
|i Năm
|
| 980 |
|
|
|a Trung tâm Học liệu Trường Đại học Cần Thơ
|